[Event "Moscow-Open 2021_A"]
[Site "Moscow"]
[Date "2021.02.24"]
[Round "5.43"]
[White "Yarikov, Artem"]
[Black "Tarasenko, Iaroslav"]
[Result "0-1"]
[WhiteElo "1778"]
[BlackElo "2060"]
[PlyCount "101"]
[EventDate "2021.02.20"]

1. e4 c5 2. Nf3 d6 3. d4 cxd4 4. Qxd4 Nf6 5. Bg5 Nc6 6. Bb5 e6 7. Bxf6 Qxf6 8.
Qxf6 gxf6 9. Nd4 Bd7 10. Bxc6 bxc6 11. c4 Rb8 12. b3 f5 13. Nc3 c5 14. Nde2
fxe4 15. Nxe4 Bc6 16. f3 Ke7 17. O-O-O Bh6+ 18. Kc2 Rbd8 19. Rhe1 Rhg8 20. N4g3
Kd7 21. Nc3 Bf4 22. Nce2 Be5 23. Rg1 Kc7 24. Nf1 d5 25. cxd5 exd5 26. f4 Bf6
27. g3 d4 28. Nc1 d3+ 29. Nxd3 Bd4 30. Nd2 Bxg1 31. Rxg1 Rge8 32. Ne5 f5 33.
Nxc6 Kxc6 34. Rg2 Re1 35. Nc4 Rde8 36. Kd3 Rd8+ 37. Kc2 Kb5 38. Nb2 Re4 39. Na4
Re3 40. Nb2 a5 41. Nd1 Re1 42. Nb2 Re7 43. a4+ Kb4 44. Nd3+ Rxd3 45. Kxd3 Kxb3
46. Rg1 c4+ 47. Kd4 c3 48. Rb1+ Kc2 49. Rb5 Kd2 50. Rxa5 Rc7 51. Rb5 0-1

[Event "Moscow-Open 2021_A"]
[Site "Moscow"]
[Date "2021.02.24"]
[Round "5.44"]
[White "Zhuk, Kirill"]
[Black "Shakhov, Dmitriy"]
[Result "0-1"]
[WhiteElo "2054"]
[BlackElo "1738"]
[PlyCount "96"]
[EventDate "2021.02.20"]

1. e4 c5 2. Nf3 Nc6 3. d4 cxd4 4. Nxd4 g6 5. c4 d6 6. Nc2 Bg7 7. Be2 Nf6 8. Nc3
O-O 9. O-O Be6 10. Be3 Qa5 11. f3 Rfc8 12. Qd2 Nd7 13. Nd5 Qxd2 14. Bxd2 Bxd5
15. exd5 Nd4 16. Nxd4 Bxd4+ 17. Kh1 Nb6 18. Rfe1 Bxb2 19. Rab1 Bf6 20. Rb4 Rc7
21. f4 Rac8 22. Bg4 Rb8 23. Be2 h5 24. g4 hxg4 25. Rg1 Bd4 26. Rxg4 a5 27. Rb5
Nxc4 28. Bxc4 Rxc4 29. f5 b6 30. fxg6 fxg6 31. Rb3 Rbc8 32. Rxg6+ Kf7 33. Rh6
a4 34. Rf3+ Bf6 35. Rh7+ Ke8 36. Bf4 Rc3 37. Rf1 Kd7 38. Rb1 R8c4 39. Bg3 Rc1+
40. Rxc1 Rxc1+ 41. Kg2 Rc2+ 42. Kf3 Rxa2 43. Ke4 a3 44. Kf5 Rd2 45. Kg6 a2 46.
Kf7 a1=Q 47. Bf4 Qa8 48. Bxd2 Qe8# 0-1

[Event "Moscow-Open 2021_A"]
[Site "Moscow"]
[Date "2021.02.24"]
[Round "5.45"]
[White "Talalov, Anton"]
[Black "Zhukov, Ivan"]
[Result "0-1"]
[WhiteElo "1766"]
[BlackElo "2050"]
[PlyCount "66"]
[EventDate "2021.02.20"]

1. e4 c5 2. Nf3 d6 3. d4 cxd4 4. Nxd4 Nf6 5. f3 e5 6. Nb5 a6 7. N5a3 Be6 8. c4
Be7 9. Be3 Nbd7 10. Nc3 Rc8 11. Be2 O-O 12. O-O Ne8 13. Qd2 h6 14. Nd5 Bg5 15.
Bxg5 hxg5 16. Rac1 Rb8 17. Nc2 Bxd5 18. cxd5 g6 19. Ne3 Ng7 20. Qb4 Ne8 21. Nc4
f5 22. a3 Ndf6 23. Na5 Rf7 24. Bd3 f4 25. Rc3 g4 26. Rb3 b5 27. Nc6 Qb6+ 28.
Kh1 Nh5 29. h3 Ng3+ 30. Kh2 Nxf1+ 31. Bxf1 g3+ 32. Kh1 Qf2 33. Bd3 Rh7 0-1

[Event "Moscow-Open 2021_A"]
[Site "Moscow"]
[Date "2021.02.24"]
[Round "5.46"]
[White "Tandelov, Arseny"]
[Black "Dudarev, Vladislav"]
[Result "0-1"]
[WhiteElo "1657"]
[BlackElo "2031"]
[PlyCount "74"]
[EventDate "2021.02.20"]

1. e4 c5 2. Nf3 d6 3. d4 cxd4 4. Nxd4 Nf6 5. Nc3 Nc6 6. Be3 e5 7. Ndb5 a6 8.
Na3 b5 9. Nd5 Nxd5 10. exd5 Nb8 11. c4 bxc4 12. Nxc4 Nd7 13. Qa4 Rb8 14. Rc1 f5
15. Ba7 Rb7 16. Bb6 Qg5 17. Ne3 Rb8 18. Rc7 Be7 19. Bxa6 O-O 20. Bxc8 Nxb6 21.
Be6+ Kh8 22. Qa7 f4 23. Ng4 f3 24. g3 Nxd5 25. Bxd5 Qxg4 26. Rc4 Qg5 27. b3 Bd8
28. O-O Bb6 29. Qd7 Rbd8 30. Qc6 Bd4 31. Rc2 Qf5 32. Be4 Qh3 33. Bxf3 Rc8 34.
Qxd6 Rxf3 35. Rc7 Rcf8 36. Qe7 e4 37. Qd7 Rxf2 0-1

[Event "Moscow-Open 2021_A"]
[Site "Moscow"]
[Date "2021.02.24"]
[Round "5.47"]
[White "Plyasunov, Daniil"]
[Black "Bugaev, Anton"]
[Result "1-0"]
[WhiteElo "2025"]
[BlackElo "1648"]
[PlyCount "93"]
[EventDate "2021.02.20"]

1. Nc3 d5 2. d4 Nf6 3. Bf4 g6 4. Nb5 Na6 5. e3 Bg7 6. Nc3 O-O 7. Bxa6 bxa6 8.
Nge2 Rb8 9. Rb1 Nh5 10. O-O Nxf4 11. Nxf4 c6 12. Nd3 Qd6 13. f4 Re8 14. Nc5 e5
15. fxe5 Bxe5 16. dxe5 Qxc5 17. Qd4 Qe7 18. Qf4 Rb7 19. Qf6 Rc7 20. e4 Qxe5 21.
exd5 Qxf6 22. Rxf6 cxd5 23. Rd6 Bb7 24. Rd1 Kf8 25. Rd2 Re6 26. Rd8+ Ke7 27.
R8xd5 Bxd5 28. Nxd5+ Kd7 29. Nxc7+ Kxc7 30. Kf2 Re7 31. Kf3 Kc6 32. Kf4 h6 33.
h4 f5 34. Kf3 Re4 35. Re2 Rxe2 36. Kxe2 Kd5 37. Kd3 a5 38. c4+ Kc5 39. b3 a4
40. b4+ Kc6 41. Kd4 Kd6 42. b5 g5 43. c5+ Ke6 44. hxg5 hxg5 45. a3 g4 46. g3
Kf6 47. b6 1-0

[Event "Moscow-Open 2021_A"]
[Site "Moscow"]
[Date "2021.02.24"]
[Round "5.48"]
[White "Shinkarov, Artem"]
[Black "Kleimenov, Nikolay"]
[Result "1-0"]
[WhiteElo "1978"]
[BlackElo "1600"]
[PlyCount "73"]
[EventDate "2021.02.20"]

1. d4 Nf6 2. c4 c5 3. d5 b5 4. cxb5 a6 5. bxa6 Bxa6 6. Nc3 d6 7. g3 g6 8. Bg2
Bg7 9. Nh3 Nbd7 10. O-O O-O 11. Qc2 Qc7 12. b3 Rfb8 13. Rb1 Ne5 14. Bd2 Bc8 15.
Ng5 Bf5 16. e4 Bc8 17. f4 Ned7 18. Kh1 Ba6 19. Rfe1 c4 20. b4 Ng4 21. Nh3 Qa7
22. Bf3 Nf2+ 23. Nxf2 Qxf2 24. Rf1 Qa7 25. a4 Bc8 26. Kg2 Bxc3 27. Bxc3 Qxa4
28. Qd2 Qa2 29. Rb2 Qa7 30. h4 h5 31. f5 Nf8 32. Qh6 f6 33. fxg6 Qa3 34. g7 Nh7
35. Bxh5 Qxc3 36. Bg6 Qxb2+ 37. Kh1 1-0

[Event "Moscow-Open 2021_A"]
[Site "Moscow"]
[Date "2021.02.24"]
[Round "5.49"]
[White "Rogov, Ivan"]
[Black "Zemlyanskii, Ivan"]
[Result "1-0"]
[WhiteElo "1633"]
[BlackElo "1950"]
[PlyCount "121"]
[EventDate "2021.02.20"]

1. e4 c5 2. Nf3 e6 3. d4 cxd4 4. Nxd4 Qb6 5. Nb3 Qc7 6. Bd3 a6 7. O-O Nf6 8. f4
d6 9. Be3 Nbd7 10. a4 Be7 11. Nc3 h5 12. Kh1 h4 13. Be2 b6 14. Bf3 Bb7 15. Bd4
Rd8 16. Qe2 e5 17. Be3 h3 18. g3 d5 19. exd5 e4 20. Nxe4 Nxe4 21. Bxe4 Nf6 22.
Bf3 Bxd5 23. Bxd5 Rxd5 24. c3 O-O 25. Bd4 Qd7 26. Qf3 Rd8 27. Rfe1 Ng4 28. Re2
Bc5 29. Rae1 Bxd4 30. Nxd4 Nf6 31. f5 Rxd4 32. cxd4 Qxd4 33. b3 Ng4 34. Rf1 Nf6
35. g4 Nxg4 36. Qxh3 Nf6 37. Rg2 Ne4 38. Qg4 Re8 39. Rfg1 Kf8 40. Qh4 Qe3 41.
h3 Qf3 42. Kh2 Nf6 43. Rxg7 Re2+ 44. R7g2 Rxg2+ 45. Rxg2 Qxf5 46. Rf2 Qe5+ 47.
Qf4 Qxf4+ 48. Rxf4 Nd7 49. h4 Kg7 50. b4 f6 51. Rd4 Ne5 52. Rd6 Nc4 53. Rc6 b5
54. a5 Na3 55. Rxa6 Nc2 56. Rb6 Nxb4 57. Rxb5 Nc6 58. a6 Kg6 59. Rb7 Na5 60.
Rc7 f5 61. a7 1-0

[Event "Moscow-Open 2021_A"]
[Site "Moscow"]
[Date "2021.02.24"]
[Round "5.50"]
[White "Nikolaev, Matvei"]
[Black "Basiev, Georgiy"]
[Result "1-0"]
[WhiteElo "1925"]
[BlackElo "1448"]
[PlyCount "88"]
[EventDate "2021.02.20"]

1. e4 c5 2. Nf3 d6 3. d4 cxd4 4. Nxd4 Nf6 5. Nc3 g6 6. h3 Bg7 7. g3 Nc6 8. Be3
O-O 9. Bg2 Bd7 10. O-O Ne5 11. Qe2 Rc8 12. Rad1 Nc4 13. Bc1 Qb6 14. b3 Ne5 15.
Bb2 Nc6 16. Nxc6 Bxc6 17. Nd5 Bxd5 18. exd5 Rfe8 19. c4 Nh5 20. Bxg7 Nxg7 21.
g4 a5 22. Rd3 Qd8 23. Kh1 Qd7 24. a4 e5 25. dxe6 Nxe6 26. Qd2 Nc5 27. Rxd6 Qe7
28. Qd5 Nxb3 29. Rd7 Qf6 30. f4 Nc5 31. Rd6 Qg7 32. f5 g5 33. f6 Qg6 34. Rf5 h6
35. Qd4 Ne6 36. Qd2 Nf4 37. Bd5 Re2 38. Qxa5 Rce8 39. Rd8 Re1+ 40. Qxe1 Rxd8
41. Qe7 Rf8 42. Be4 Ne2 43. Rf3 Ng1 44. Kxg1 Qxe4 1-0

[Event "Moscow-Open 2021_A"]
[Site "Moscow"]
[Date "2021.02.24"]
[Round "5.51"]
[White "Novozhilov, Semen"]
[Black "Chuklin, Ivan"]
[Result "1-0"]
[WhiteElo "1788"]
[BlackElo "2181"]
[PlyCount "87"]
[EventDate "2021.02.20"]

1. d4 Nf6 2. c4 g6 3. Nc3 d5 4. cxd5 Nxd5 5. Bd2 Bg7 6. e4 Nb6 7. Be3 O-O 8. h3
Nc6 9. Nf3 f5 10. exf5 gxf5 11. Qb3+ e6 12. Bf4 Nxd4 13. Nxd4 Qxd4 14. Bxc7 Qc5
15. Bxb6 axb6 16. Bc4 Qe5+ 17. Kf1 b5 18. Bxb5 Kh8 19. h4 Qf6 20. h5 h6 21. Rh3
e5 22. Nd5 Qd6 23. Rd1 e4 24. Rg3 f4 25. Rg6 Qe5 26. Qc3 Qxc3 27. bxc3 Rxa2 28.
Ne7 f3 29. gxf3 Bh3+ 30. Kg1 exf3 31. Rg3 Bf5 32. Bc4 Raa8 33. Rxf3 Bc2 34.
Rxf8+ Bxf8 35. Ng6+ Bxg6 36. hxg6 Rc8 37. Be6 Rc6 38. Bf7 Rxc3 39. Rd7 Rc1+ 40.
Kg2 Re1 41. f4 Be7 42. f5 Kg7 43. Be6 Kf6 44. Rxe7 1-0

[Event "Moscow-Open 2021_A"]
[Site "Moscow"]
[Date "2021.02.24"]
[Round "5.52"]
[White "Karapetyan, Alexander"]
[Black "Volodin, Viktor"]
[Result "0-1"]
[WhiteElo "1782"]
[BlackElo "2151"]
[PlyCount "135"]
[EventDate "2021.02.20"]

1. e4 c6 2. Nc3 d5 3. Nf3 dxe4 4. Nxe4 Nf6 5. Qe2 Nxe4 6. Qxe4 Nd7 7. Bc4 Nf6
8. Ne5 e6 9. Qe2 Be7 10. d3 O-O 11. Bd2 Nd5 12. O-O-O Bg5 13. h4 Bxd2+ 14. Rxd2
a5 15. d4 f6 16. Nf3 b5 17. Bd3 Qe8 18. Qe4 f5 19. Qe5 a4 20. Qd6 a3 21. b3 Nc3
22. Qc5 Nd5 23. b4 Qe7 24. Qxe7 Nxe7 25. c3 Nd5 26. Kc2 Ra7 27. Re1 Rf6 28. Ng5
Nf4 29. g3 Nd5 30. f4 h6 31. Nf3 Rg6 32. Rg1 Rf6 33. Ne5 Rc7 34. Re1 Rf8 35.
Bf1 Rf6 36. Bg2 Ne7 37. Nd3 Rg6 38. Nc5 Ra7 39. Re3 Nd5 40. Bxd5 cxd5 41. Nd3
Ra4 42. Kb3 Ra7 43. Ne1 Rf6 44. Rd1 Rg6 45. Rdd3 Rf6 46. Rd2 Rff7 47. Nc2 Bd7
48. Nxa3 Rf8 49. Nb1 Rfa8 50. a3 Kf7 51. Ra2 g5 52. hxg5 hxg5 53. fxg5 Kg6 54.
Nd2 Kxg5 55. Nf3+ Kf6 56. Ne5 Be8 57. Nd3 Bc6 58. Nc5 Bd7 59. Nxd7+ Rxd7 60. a4
Rda7 61. a5 Rh8 62. Rf2 Rg7 63. Rfe2 Re7 64. Kc2 Rh1 65. Rf2 Rh3 66. Rff3 Rh2+
67. Kb3 Rh8 68. Re2 0-1

[Event "Moscow-Open 2021_A"]
[Site "Moscow"]
[Date "2021.02.24"]
[Round "5.53"]
[White "Sabirov, Timur"]
[Black "Bardyk, Artem"]
[Result "1-0"]
[WhiteElo "2048"]
[BlackElo "1742"]
[PlyCount "149"]
[EventDate "2021.02.20"]

1. c4 Nf6 2. g3 c6 3. Nf3 d5 4. b3 Bf5 5. Bg2 e6 6. O-O Nbd7 7. Bb2 Be7 8. d3
h6 9. Nbd2 O-O 10. Re1 Bh7 11. Rb1 a5 12. a3 Qb8 13. Qc2 Bc5 14. b4 axb4 15.
axb4 Bxb4 16. Bxf6 Bxd2 17. Bxg7 Bxe1 18. Bxf8 Bxf2+ 19. Kxf2 Qa7+ 20. Kf1 Rxf8
21. cxd5 Nf6 22. Qb2 Ng4 23. Qb6 Qa2 24. dxc6 bxc6 25. Rc1 Ra8 26. h3 Qa3 27.
Qxc6 Ne3+ 28. Kg1 Qa7 29. Kh2 Qa2 30. Ne5 Nxg2 31. Qxg2 Ra5 32. Ng4 Qd2 33. Rf1
Ra2 34. Rf2 Ra7 35. Qf3 Qg5 36. h4 Qg6 37. Ne5 Qg7 38. Qe3 Rb7 39. Rf4 Bg6 40.
Rg4 Qf6 41. h5 Qf5 42. hxg6 f6 43. Qf3 Ra7 44. Nc6 Qh5+ 45. Rh4 Qxf3 46. exf3
Ra2+ 47. Kh3 Kg7 48. Re4 e5 49. d4 exd4 50. Nxd4 Kxg6 51. Re7 Ra4 52. Ne6 f5
53. Nf4+ Kf6 54. Re6+ Kg7 55. Nh5+ Kh7 56. Rf6 Ra5 57. Rf7+ Kg8 58. Rb7 Ra1 59.
Nf6+ Kf8 60. Rb5 f4 61. gxf4 Kf7 62. Ng4 Ke6 63. Nxh6 Rh1+ 64. Kg2 Rh4 65. f5+
Kf6 66. Ng4+ Kg5 67. f6+ Kg6 68. Rb7 Rh8 69. Rg7+ Kh5 70. f7 Rd8 71. Rg8 Rd2+
72. Nf2 Rd4 73. f8=Q Rg4+ 74. fxg4+ Kh4 75. Qd8# 1-0

[Event "Moscow-Open 2021_A"]
[Site "Moscow"]
[Date "2021.02.24"]
[Round "5.54"]
[White "Druchenko, Mikhail"]
[Black "Lupolov, Boris"]
[Result "0-1"]
[WhiteElo "1761"]
[BlackElo "2045"]
[PlyCount "72"]
[EventDate "2021.02.20"]

1. e4 c6 2. d4 d5 3. e5 c5 4. dxc5 e6 5. a3 Bxc5 6. Nf3 Ne7 7. Bd3 Ng6 8. b4
Bb6 9. O-O a5 10. Bb2 axb4 11. axb4 Rxa1 12. Bxa1 Nc6 13. Qd2 O-O 14. Rd1 Qc7
15. Bxg6 fxg6 16. Na3 Qe7 17. Bc3 Bd7 18. h3 Rf7 19. Ra1 h6 20. Nb5 Rxf3 21.
gxf3 Qh4 22. Ra8+ Kh7 23. Kg2 d4 24. Bxd4 Nxd4 25. Nxd4 Bxd4 26. c3 Bb6 27. Ra2
Bc6 28. Rc2 Bd5 29. Qe2 Qg5+ 30. Kf1 Qf5 31. Kg2 Bxf3+ 32. Qxf3 Qxc2 33. h4 Qf5
34. Qg3 Bc7 35. f4 Qe4+ 36. Kh2 Bb6 0-1

[Event "Moscow-Open 2021_A"]
[Site "Moscow"]
[Date "2021.02.24"]
[Round "5.55"]
[White "Voronin, Nikita"]
[Black "Oliinyk, Serafim"]
[Result "0-1"]
[WhiteElo "1732"]
[BlackElo "2035"]
[PlyCount "150"]
[EventDate "2021.02.20"]

1. d4 Nf6 2. c4 g6 3. Nc3 d5 4. cxd5 Nxd5 5. e4 Nxc3 6. bxc3 Bg7 7. Qa4+ Qd7 8.
Bb5 c6 9. Be2 O-O 10. Nf3 c5 11. Qxd7 Bxd7 12. O-O cxd4 13. cxd4 Bc6 14. e5 Nd7
15. Ba3 Rfe8 16. Nd2 Nb6 17. Nc4 Nxc4 18. Bxc4 e6 19. Rfc1 Red8 20. Bc5 Bf8 21.
Rab1 Bxc5 22. dxc5 Rd2 23. Rd1 Rad8 24. Bb3 Kf8 25. f3 R8d3 26. Rxd2 Rxd2 27.
Kf1 Rd3 28. Rc1 Re3 29. f4 Re4 30. g3 Bb5+ 31. Kg2 Re2+ 32. Kh3 Bd3 33. Rc3 Be4
34. g4 h6 35. Bc4 Rd2 36. a4 a6 37. Kg3 Rg2+ 38. Kh3 Rg1 39. Be2 Bc6 40. Bf3
Bxf3 41. Rxf3 Ra1 42. Rb3 Rxa4 43. Kg3 Rc4 44. Rxb7 Rxc5 45. Ra7 Rc3+ 46. Kg2
Ra3 47. Ra8+ Kg7 48. Ra7 a5 49. f5 gxf5 50. gxf5 exf5 51. e6 Kf6 52. exf7 Kg7
53. Kf2 a4 54. Ra5 Ra2+ 55. Kg3 f4+ 56. Kxf4 Rxh2 57. Kg3 Ra2 58. Ra7 a3 59.
Kh3 Ra1 60. Kg2 h5 61. Ra5 Kxf7 62. Rxh5 Ke6 63. Rc5 Kd6 64. Rc8 Kd5 65. Rd8+
Kc4 66. Rc8+ Kb3 67. Rb8+ Ka2 68. Kf2 Rb1 69. Ra8 Rb3 70. Re8 Ka1 71. Re1+ Rb1
72. Re3 a2 73. Re8 Kb2 74. Re2+ Kb3 75. Re3+ Kc4 0-1

[Event "Moscow-Open 2021_A"]
[Site "Moscow"]
[Date "2021.02.24"]
[Round "5.56"]
[White "Bogaudinov, Rushan"]
[Black "Lunin, Aleksey"]
[Result "1-0"]
[WhiteElo "2016"]
[BlackElo "1513"]
[PlyCount "113"]
[EventDate "2021.02.20"]

1. c4 d6 2. b3 e5 3. Bb2 Nc6 4. e3 g6 5. Nc3 Bg7 6. d3 f5 7. Nf3 Nf6 8. d4 e4
9. Nd2 O-O 10. g3 Ne7 11. Bg2 c6 12. O-O g5 13. f3 d5 14. Qe2 Be6 15. Rac1 Rc8
16. cxd5 cxd5 17. Ba3 Ne8 18. fxe4 dxe4 19. Nc4 Rf6 20. g4 Nd5 21. Nxd5 Qxd5
22. gxf5 Bxf5 23. Ne5 Rxc1 24. Rxc1 Rh6 25. Rc5 Qe6 26. Qc4 Bf8 27. Ra5 Bxa3
28. Rxa3 a6 29. Ra5 b5 30. Qxe6+ Rxe6 31. a4 Nc7 32. axb5 axb5 33. Bf1 Rb6 34.
Kf2 Be6 35. Ra7 Nd5 36. Bg2 Nc3 37. b4 Bd5 38. Ke1 Rh6 39. h3 Rf6 40. Rc7 Na4
41. Ng4 Ra6 42. Bf1 Rb6 43. Kd2 Nb2 44. Rc5 Nc4+ 45. Kc3 Bf7 46. Rxg5+ Kh8 47.
Rf5 Bg8 48. Bxc4 Bxc4 49. d5 Ra6 50. Kd4 Ra3 51. Rg5 h6 52. Nxh6 Rb3 53. d6
Rd3+ 54. Kc5 Rxe3 55. Nf5 Rxh3 56. d7 Rd3 57. Nd4 1-0

[Event "Moscow-Open 2021_A"]
[Site "Moscow"]
[Date "2021.02.24"]
[Round "5.57"]
[White "Zverev, Lev"]
[Black "Urivskiy, Arseniy A"]
[Result "1-0"]
[WhiteElo "1987"]
[BlackElo "1422"]
[PlyCount "67"]
[EventDate "2021.02.20"]

1. e4 c5 2. Nf3 d6 3. d4 cxd4 4. Nxd4 Nf6 5. Nc3 a6 6. Bg5 e6 7. f4 Be7 8. Qf3
Nbd7 9. O-O-O Qc7 10. g4 b5 11. Bxf6 Bxf6 12. g5 Be7 13. f5 Bxg5+ 14. Kb1 Nc5
15. fxe6 Bxe6 16. Nxe6 Nxe6 17. Nd5 Qc5 18. Bh3 Rc8 19. Bxe6 fxe6 20. Qh5+ g6
21. Qxg5 exd5 22. Qf6 Rf8 23. Qe6+ Kd8 24. c3 Rf2 25. Ka1 Qc4 26. Qxd6+ Ke8 27.
exd5 Rxb2 28. Qe5+ Kd8 29. Kxb2 b4 30. Qd6+ Ke8 31. Rhe1+ Kf7 32. Re7+ Kg8 33.
Qe6+ Kh8 34. Qf6+ 1-0

[Event "Moscow-Open 2021_A"]
[Site "Moscow"]
[Date "2021.02.24"]
[Round "5.58"]
[White "Shaymardanov, Bakhtiyar"]
[Black "Chertkov, Maksim"]
[Result "1-0"]
[WhiteElo "1702"]
[BlackElo "1972"]
[PlyCount "61"]
[EventDate "2021.02.20"]

1. d4 Nf6 2. c4 g6 3. Nc3 d5 4. Nf3 Bg7 5. e3 O-O 6. Qb3 c5 7. cxd5 Qa5 8. Be2
Nbd7 9. O-O cxd4 10. Nxd4 Nb6 11. Bf3 Bg4 12. e4 Bxf3 13. Nxf3 Nfd7 14. Be3 Nc5
15. Bxc5 Qxc5 16. Rac1 Rac8 17. Ne2 Nc4 18. Rc2 Bxb2 19. Nf4 Qd6 20. Nd3 b5 21.
Nxb2 Na5 22. Qd3 Rxc2 23. Qxc2 f5 24. Nd4 Qd7 25. Ne6 Rc8 26. Qd2 Rc6 27. Nd3
Nc4 28. Qh6 Rxe6 29. Nc5 Qe8 30. Nxe6 Qf7 31. Ng5 1-0

[Event "Moscow-Open 2021_A"]
[Site "Moscow"]
[Date "2021.02.24"]
[Round "5.59"]
[White "Artemov, Maxim"]
[Black "Rudakov, Sergey S"]
[Result "1-0"]
[WhiteElo "1510"]
[BlackElo "1926"]
[PlyCount "135"]
[EventDate "2021.02.20"]

1. d4 d5 2. c4 c6 3. cxd5 cxd5 4. Bg5 Qb6 5. Nc3 e6 6. Qd2 Nc6 7. e3 Bd7 8. Rc1
Nf6 9. Bxf6 gxf6 10. Bd3 Bd6 11. Nge2 f5 12. O-O Na5 13. f3 Nc6 14. Bb1 a6 15.
Kh1 Na5 16. Bd3 Bc7 17. e4 Qd6 18. Qh6 O-O-O 19. Nxd5 Nc6 20. Nxc7 Kxc7 21.
Rfd1 Kb8 22. exf5 Qb4 23. b3 exf5 24. Qf4+ Ka8 25. Bxf5 Bxf5 26. Qxf5 Rhe8 27.
Qc2 Qa3 28. Nc3 Rxd4 29. Rxd4 Nxd4 30. Qd2 Rd8 31. Rd1 Ne6 32. Qe2 Rxd1+ 33.
Qxd1 Qb2 34. Qe1 h5 35. h3 Qc2 36. Qe5 h4 37. Kh2 Qd2 38. Qf6 Nf4 39. Qg7 Qd6
40. Qh8+ Ka7 41. Ne4 Qc6 42. Qxh4 Qc7 43. Qf2+ b6 44. Qg3 Qc1 45. Qg7 Qc7 46.
Qc3 Qb8 47. g3 Ne6 48. Kg2 Qd8 49. Qf6 Qd7 50. h4 Ka8 51. h5 Qc7 52. h6 Qc2+
53. Nf2 Qh7 54. Ne4 a5 55. a4 Qg8 56. Qf5 Qh8 57. Nf6 Qxh6 58. Qd5+ Kb8 59.
Nd7+ Kc7 60. Ne5 Nc5 61. Qxf7+ Kc8 62. Qe8+ Kc7 63. Qe7+ Kc8 64. Nc4 Qg6 65.
Nd6+ Kb8 66. Qd8+ Ka7 67. Qc7+ Ka8 68. Qc8+ 1-0

[Event "Moscow-Open 2021_A"]
[Site "Moscow"]
[Date "2021.02.24"]
[Round "5.60"]
[White "Maimin, Leonid"]
[Black "Utemisov, Damir"]
[Result "0-1"]
[WhiteElo "1415"]
[BlackElo "1894"]
[PlyCount "62"]
[EventDate "2021.02.20"]

1. e4 e5 2. Nf3 Nc6 3. Bb5 a6 4. Ba4 Nf6 5. O-O b5 6. Bb3 Bc5 7. c3 d6 8. d4
Bb6 9. h3 h6 10. a4 Bb7 11. Re1 O-O 12. d5 Na5 13. Bc2 c6 14. dxc6 Bxc6 15.
Nbd2 Nb7 16. b4 Rc8 17. a5 Ba7 18. Nf1 Re8 19. Qd2 Qc7 20. Ng3 d5 21. Bb2 dxe4
22. Nxe4 Bxe4 23. Bxe4 Nxe4 24. Rxe4 Nd6 25. Re2 e4 26. Nd4 Nc4 27. Qc2 Nxb2
28. Qxb2 Qxc3 29. Nf5 Qxb2 30. Rxb2 Re5 31. Ng3 Bd4 0-1

[Event "Moscow-Open 2021_A"]
[Site "Moscow"]
[Date "2021.02.24"]
[Round "5.61"]
[White "Akhmedov, David"]
[Black "Zadorozhy, Egor"]
[Result "1-0"]
[WhiteElo "1866"]
[BlackElo "1156"]
[PlyCount "103"]
[EventDate "2021.02.20"]

1. e4 c5 2. Nf3 Nc6 3. g3 g6 4. Bg2 Bg7 5. O-O d6 6. c3 e5 7. a3 a5 8. a4 Nge7
9. d3 O-O 10. Na3 h6 11. Nb5 f5 12. Nd2 Be6 13. Nc4 d5 14. Ncd6 Rb8 15. exd5
Bxd5 16. Be3 Bxg2 17. Kxg2 b6 18. Qb3+ Kh7 19. f3 f4 20. Bf2 Nf5 21. Nxf5 Rxf5
22. g4 Rf8 23. Rad1 Qd7 24. Rfe1 Rfd8 25. Qc2 Qf7 26. Re4 Rd7 27. Na3 Na7 28.
Nc4 Rd5 29. Qb3 Qb7 30. h3 Nc8 31. d4 exd4 32. cxd4 cxd4 33. Rxf4 Rd7 34. Bxd4
Qd5 35. Qc3 Qe6 36. Re1 Qg8 37. Bxg7 Qxg7 38. Qxg7+ Rxg7 39. Re8 Rc7 40. Nd6
Nxd6 41. Rxb8 Rc2+ 42. Kg3 g5 43. Rd4 Nf7 44. Rxb6 h5 45. gxh5 Rc5 46. Rd7 Rf5
47. Rbb7 Kg8 48. h6 g4 49. hxg4 Rf6 50. h7+ Kg7 51. Rxf7+ Kh8 52. Rb8# 1-0

[Event "Moscow-Open 2021_A"]
[Site "Moscow"]
[Date "2021.02.24"]
[Round "5.62"]
[White "Zulpikarov, Ruslan"]
[Black "Minakov, Artemij"]
[Result "1-0"]
[WhiteElo "1647"]
[BlackElo "1837"]
[PlyCount "102"]
[EventDate "2021.02.20"]

1. e4 c6 2. d4 d5 3. exd5 cxd5 4. Nf3 Nf6 5. Bd3 Nc6 6. c3 Bg4 7. Bf4 e6 8. Qb3
Qc8 9. Nbd2 Be7 10. Ne5 Nxe5 11. dxe5 Nd7 12. Qc2 Bh5 13. O-O Bg6 14. Bg3 O-O
15. Bxg6 fxg6 16. Nb3 Bc5 17. Kh1 Qc7 18. a4 Rac8 19. f4 a6 20. Rf3 Rf7 21. Bf2
Rcf8 22. Bxc5 Nxc5 23. Nd4 Qd7 24. Raf1 b5 25. axb5 axb5 26. g4 Re7 27. Qe2 Ne4
28. Nxb5 Nd2 29. Qxd2 Qxb5 30. R1f2 Ref7 31. Kg2 Rb7 32. Qd3 Qa4 33. Kg3 Qa1
34. f5 Qg1+ 35. Kh3 h5 36. Rg2 hxg4+ 37. Rxg4 Qe1 38. Rxg6 Rxb2 39. f6 Rf7 40.
Rfg3 Rbb7 41. Rh6 Qe4 42. Qxe4 dxe4 43. fxg7 Rxg7 44. Rxe6 Rxg3+ 45. hxg3 e3
46. Kg2 Rb2+ 47. Kf3 e2 48. Kf2 Rc2 49. Rc6 Kf7 50. g4 e1=Q+ 51. Kxe1 Rg2 1-0

[Event "Moscow-Open 2021_A"]
[Site "Moscow"]
[Date "2021.02.24"]
[Round "5.63"]
[White "Korelskiy, Egor"]
[Black "Amirdzhanyan, Vladimir"]
[Result "1-0"]
[WhiteElo "1371"]
[BlackElo "1828"]
[PlyCount "111"]
[EventDate "2021.02.20"]

1. e4 c5 2. Nf3 d6 3. d4 cxd4 4. Nxd4 Nf6 5. Nc3 a6 6. h3 e5 7. Nde2 h5 8. g3
Be7 9. Bg2 b5 10. Be3 Be6 11. O-O Nbd7 12. f4 Nc5 13. Bxc5 dxc5 14. fxe5 Nd7
15. Nf4 Nxe5 16. Ncd5 h4 17. g4 Qd6 18. Qe2 c4 19. Rad1 Qc5+ 20. Kh1 O-O 21.
Qf2 Rae8 22. Qd2 Nc6 23. Qe1 Bd8 24. a3 Bc8 25. Qc3 Ne5 26. Nd3 Qd6 27. Nc1 Qh6
28. Ne2 Nd7 29. Nd4 Qd6 30. Nf5 Qe5 31. Qxe5 Rxe5 32. Nd6 Bg5 33. Rf5 Rxf5 34.
exf5 Bf6 35. c3 Nc5 36. Nb6 Bd7 37. Nb7 Nd3 38. Kg1 Be8 39. Nd5 Bg5 40. Nb4
Nxb2 41. Rd6 Na4 42. Nd5 f6 43. Ne7+ Kh7 44. Rd8 Rh8 45. Nd6 Nxc3 46. Nxe8 Ne2+
47. Kf2 c3 48. Be4 Nd4 49. Ng6 Nc6 50. Ra8 Rg8 51. Bd5 Rh8 52. Nxf6+ gxf6 53.
Rxh8+ Kg7 54. Rg8+ Kh7 55. Nf8+ Kh6 56. Rg6# 1-0

[Event "Moscow-Open 2021_A"]
[Site "Moscow"]
[Date "2021.02.24"]
[Round "5.64"]
[White "Isaev, Magomed"]
[Black "Efimov, Leonid"]
[Result "0-1"]
[WhiteElo "2196"]
[BlackElo "1764"]
[PlyCount "79"]
[EventDate "2021.02.20"]

1. Nf3 d5 2. d4 Nf6 3. c4 e6 4. Nc3 c6 5. Bg5 dxc4 6. e4 b5 7. e5 h6 8. Bh4 g5
9. Nxg5 hxg5 10. Bxg5 Nbd7 11. exf6 Qb6 12. g3 Bb7 13. Bg2 O-O-O 14. Qf3 Qxd4
15. Rd1 Ne5 16. Qe2 Nd3+ 17. Kf1 Bh6 18. h4 Bxg5 19. hxg5 Rxh1+ 20. Bxh1 Rg8
21. Be4 Rh8 22. g6 Qxf6 23. Bxd3 cxd3 24. Qxd3 Rh1+ 25. Ke2 Qe5+ 26. Qe4 Qxe4+
27. Nxe4 Rxd1 28. Kxd1 fxg6 29. Nc5 Kc7 30. Nxe6+ Kd6 31. Nf8 g5 32. Nh7 g4 33.
Nf6 Bc8 34. Ke2 Ke5 35. Nh5 Be6 36. a3 Bf7 37. Nf4 Ke4 38. Ng2 c5 39. Ne3 Be6
40. Nxg4 0-1

[Event "Moscow-Open 2021_A"]
[Site "Moscow"]
[Date "2021.02.24"]
[Round "5.65"]
[White "Mikhnenko, Alexander"]
[Black "Ivannikov, Maksim"]
[Result "0-1"]
[WhiteElo "2129"]
[BlackElo "1763"]
[PlyCount "130"]
[EventDate "2021.02.20"]

1. d4 Nf6 2. Nf3 g6 3. c4 Bg7 4. g3 O-O 5. Bg2 d6 6. O-O Nc6 7. d5 Nb8 8. Nc3
c5 9. h3 Nbd7 10. e4 a6 11. a4 Ne8 12. Be3 Nb6 13. Qd3 e5 14. dxe6 Bxe6 15. b3
h6 16. e5 Nd7 17. exd6 Bf5 18. Qd2 Qb6 19. Bxh6 Qxb3 20. Bxg7 Kxg7 21. g4 Be6
22. Ng5 Qxc4 23. Rfe1 Qd4 24. Rad1 Bb3 25. Qxd4+ cxd4 26. Rxd4 Rc8 27. Nb1 Rc5
28. h4 b5 29. axb5 axb5 30. Nd2 Ba2 31. Ra1 Rc2 32. Be4 Rb2 33. Bc6 Nef6 34.
Bxb5 Ne5 35. f4 Nexg4 36. d7 Rd8 37. Ba4 Ne3 38. Rc1 Nf5 39. Rd3 Ne7 40. Rd4
Bd5 41. Rc5 Ra2 42. Bd1 Rxd7 43. Bc2 Nc6 44. Rd3 Nb4 45. Rdc3 Ba8 46. Ndf3 Nfd5
47. R3c4 Ra1+ 48. Kh2 Re7 49. Be4 Nf6 50. Bxa8 Re2+ 51. Kh3 Rh1+ 52. Nh2 Rhxh2+
53. Kg3 Nh5+ 54. Kg4 Re3 55. Nf3 Rg2+ 56. Kh3 Rg3+ 57. Kh2 Re2+ 58. Kh1 Nd3 59.
Rg5 Nf2+ 60. Kh2 Ne4+ 61. Kh1 Nxg5 62. Nxg5 Ra3 63. Bg2 Ra1+ 64. Kh2 Raa2 65.
Rc7 Rxg2+ 0-1

[Event "Moscow-Open 2021_A"]
[Site "Moscow"]
[Date "2021.02.24"]
[Round "5.66"]
[White "Polukhin, Alexander"]
[Black "Ryabov, Georgi"]
[Result "1-0"]
[WhiteElo "2105"]
[BlackElo "1751"]
[PlyCount "43"]
[EventDate "2021.02.20"]

1. e4 Nf6 2. Nc3 d5 3. exd5 Nxd5 4. Nf3 e6 5. d4 g6 6. Bg5 f6 7. Bd2 Bg7 8. h4
h6 9. Bd3 f5 10. Ne5 Ne7 11. Bf4 O-O 12. Ne2 Nbc6 13. c3 Nxe5 14. Bxe5 Bxe5 15.
dxe5 Qd5 16. Qd2 Kg7 17. f4 Rd8 18. O-O-O Qxa2 19. Qe3 Nd5 20. Qg3 h5 21. Qg5
Rf8 22. g4 1-0